| 000 | 00000nam##2200000za#4500 |
| 001 | 9.700200 |
| 003 | CaOODSP |
| 005 | 20210625000727 |
| 007 | cr ||||||||||| |
| 008 | 150407|2003||||xxc|||||o f|0| 0 eng|d |
| 040 | |aCaOODSP|beng |
| 043 | |an-cn--- |
| 086 | 1 |aSC84-2/5555-1005E-MP3 |
| 110 | 1 |aCanada.|bPublic Service Commission of Canada. |bLanguage Training Canada. |
| 245 | 10|aInterface Canada. Teacher's book 5 audio file |h[electronic resource] |
| 246 | 1 |iAdditional title (within publication) : |aInterface Canada tests. Book 5 audio file |
| 260 | |aOttawa - Ontario : |bPublic Service Commission. |c2003. |
| 300 | |aDuration: 00:33:37 |
| 500 | |aTitle supplied by cataloguer. Comprised of sound files related to the print and PDF versions of: Interface Canada. Teacher's book 5 and Tests book 5. Contents: Unit 45, Presentation -- Unit 46, Presentation, Pt.2 -- Unit 47, Presentation, Pt.2 -- Unit 48, Presentation -- Unit 49, Presentation, Pt.2 -- Unit 51, Presentation, Pt.1 -- Unit 51, Presentation, Pt.3 -- Unit 47, Practice 2 -- Unit 48, Practice 3 -- Unit 49, Practice 2 -- Unit 50, Practice 1 -- Unit 51, Practice 3 -- Unit 52, Practice 2 -- Tests, Pt.1, Intro. -- Tests, Exercise 1, Conversations -- Tests, Exercise 2, Instructions -- Tests, Exercise 2, Conversations. |
| 520 | 3 |aINTERFACE CANADA is a series for adults studying English as a second language. The series, which covers the beginning to upper-intermediate levels, provides a functional-notional syllabus as well as a structural syllabus. The material is designed primarily to develop speaking and listening skills, with a special emphasis on language used in the office. The INTERFACE CANADA series consists of student books 1 to 8, teacher books 1 to 8, Role Playing for Consolidation – student and teacher books, and accompanying cassettes. Each book provides approximately fifty hours of classroom instruction. |
| 590 | |a15-01-Supp|b2015-01-26 |
| 590 | |a14-52-Supp|b2014-08-22 |
| 690 | 07|aEducational resources|2gcpds |
| 690 | 07|aEnglish language|2gcpds |
| 690 | 07|aTeachers|2gcpds |
| 856 | 40|ahttp://publications.gc.ca|qMP3|s5.32 MB|uhttps://publications.gc.ca/collections/collection_2014/efpc-csps/SC84-2-5555-1005-t5-x1-eng.mp3 |
| 856 | 40|ahttp://publications.gc.ca|qMP3|s2.13 MB|uhttps://publications.gc.ca/collections/collection_2014/efpc-csps/SC84-2-5555-1005-t5-x2-1-eng.mp3 |
| 856 | 40|ahttp://publications.gc.ca|qMP3|s2.71 MB|uhttps://publications.gc.ca/collections/collection_2014/efpc-csps/SC84-2-5555-1005-t5-eng.mp3 |
| 856 | 40|ahttp://publications.gc.ca|qMP3|s7.63 MB|uhttps://publications.gc.ca/collections/collection_2014/efpc-csps/SC84-2-5555-1005-t5-x2-2-eng.mp3 |
| 856 | 40|ahttp://publications.gc.ca|qMP3|s2.82 MB|uhttps://publications.gc.ca/collections/collection_2014/efpc-csps/SC84-2-5555-1005-45-eng.mp3 |
| 856 | 40|ahttp://publications.gc.ca|qMP3|s4.12 MB|uhttps://publications.gc.ca/collections/collection_2014/efpc-csps/SC84-2-5555-1005-46-2-eng.mp3 |
| 856 | 40|ahttp://publications.gc.ca|qMP3|s612 KB|uhttps://publications.gc.ca/collections/collection_2014/efpc-csps/SC84-2-5555-1005-47-2-eng.mp3 |
| 856 | 40|ahttp://publications.gc.ca|qMP3|s5.07 MB|uhttps://publications.gc.ca/collections/collection_2014/efpc-csps/SC84-2-5555-1005-48-eng.mp3 |
| 856 | 40|ahttp://publications.gc.ca|qMP3|s3.08 MB|uhttps://publications.gc.ca/collections/collection_2014/efpc-csps/SC84-2-5555-1005-49-2-eng.mp3 |
| 856 | 40|ahttp://publications.gc.ca|qMP3|s3.26 MB|uhttps://publications.gc.ca/collections/collection_2014/efpc-csps/SC84-2-5555-1005-51-1-eng.mp3 |
| 856 | 40|ahttp://publications.gc.ca|qMP3|s3.04 MB|uhttps://publications.gc.ca/collections/collection_2014/efpc-csps/SC84-2-5555-1005-51-3-eng.mp3 |
| 856 | 40|ahttp://publications.gc.ca|qMP3|s5.08 MB|uhttps://publications.gc.ca/collections/collection_2014/efpc-csps/SC84-2-5555-1005-48-p3-eng.mp3 |
| 856 | 40|ahttp://publications.gc.ca|qMP3|s2.79 MB|uhttps://publications.gc.ca/collections/collection_2014/efpc-csps/SC84-2-5555-1005-47-p2-eng.mp3 |
| 856 | 40|ahttp://publications.gc.ca|qMP3|s3.80 MB|uhttps://publications.gc.ca/collections/collection_2014/efpc-csps/SC84-2-5555-1005-49-p2-eng.mp3 |
| 856 | 40|ahttp://publications.gc.ca|qMP3|s4.90 MB|uhttps://publications.gc.ca/collections/collection_2014/efpc-csps/SC84-2-5555-1005-50-p1-eng.mp3 |
| 856 | 40|ahttp://publications.gc.ca|qMP3|s3.28 MB|uhttps://publications.gc.ca/collections/collection_2014/efpc-csps/SC84-2-5555-1005-51-p3-eng.mp3 |
| 856 | 40|ahttp://publications.gc.ca|qMP3|s3.06 MB|uhttps://publications.gc.ca/collections/collection_2014/efpc-csps/SC84-2-5555-1005-52-p2-eng.mp3 |